Mercado de trabajo y pobreza rural: los desafíos pendientes /
Uloženo v:
| Hlavní autor: | |
|---|---|
| Médium: | Text |
| Tagy: |
Přidat tag
Žádné tagy, Buďte první, kdo vytvoří štítek k tomuto záznamu!
|
MARC
| LEADER | 00000 a a2200000 04500 | ||
|---|---|---|---|
| 001 | 45818 | ||
| 003 | |||
| 040 | |||
| 100 | |a Klein, Emilio | ||
| 245 | |a Mercado de trabajo y pobreza rural: |b los desafíos pendientes / |c Emilio Klein | ||
| 773 | |g páginas 74-83 | ||
| 999 | |c 28106 |d 28106 | ||
